| 000 | 01152cam a22003135a 4500 | ||
|---|---|---|---|
| 005 | 20161127100654.0 | ||
| 007 | ta | ||
| 008 | 120621r2011 p a|||| |||| 001 0 eng d | ||
| 010 | _a2004557613 | ||
| 020 | _a9781609139988 | ||
| 040 |
_aEG-ScBUE _beng _dEG-ScBUE |
||
| 082 | 0 | 4 |
_a612.015 _bHAR _222 |
| 100 | 1 |
_aHarvey, Richard A., _930034 _cPh. D. |
|
| 245 | 1 | 0 |
_aLippincott's illustrated reviews : _bbiochemistry / _cRichard A. Harvey, Denise R. Ferrier. |
| 250 | _a5th ed. | ||
| 260 |
_aPhiladelphia : _bWolters Kluwer : _bLippincott Williams & Wilkins, _c2011. |
||
| 300 |
_a520 p. : _bill. (col) ; _c28 cm. |
||
| 440 | 0 |
_aLippincotts' illustrated reviews _930184 |
|
| 500 | _aIndex : p. 489-520. | ||
| 590 | _aDoha | ||
| 650 | 0 |
_aBiochemistry _vOutlines, syllabi, etc. _930185 _2BUEsh |
|
| 650 | 0 |
_aBiochemistry _vExaminations, questions, etc. _930186 _2BUEsh |
|
| 650 | 0 |
_aClinical biochemistry _vOutlines, syllabi, etc. _930187 _2BUEsh |
|
| 650 | 0 |
_aClinical biochemistry _vExaminations, questions, etc. _930188 _2BUEsh |
|
| 651 | _2BUEsh | ||
| 653 |
_cAugust2015 _bDDent _bPPhrm _bNNUR |
||
| 700 | 1 |
_aFerrier, Denise R. _930039 |
|
| 942 |
_cNRB _2ddc |
||
| 999 |
_c16782 _d16782 |
||